[Event "Regionalliga Nord-Ost 1819"]
[Site "Bayern"]
[Date "2018.12.16"]
[Round "4.5"]
[White "Prochazka, Bedrich"]
[Black "Reiser, Wolfgang"]
[Result "1/2-1/2"]
[WhiteElo "1910"]
[BlackElo "2028"]
[PlyCount "123"]
[EventDate "2018.10.21"]
[EventType "team-tourn"]
[EventRounds "9"]
[EventCountry "GER"]
[SourceTitle "EXT 2022"]
[Source "ChessBase"]
[SourceDate "2021.10.06"]
[SourceVersion "1"]
[SourceVersionDate "2021.10.06"]
[SourceQuality "1"]
[WhiteTeam "Windischeschenbach"]
[BlackTeam "Nuernberg NT III"]
[WhiteTeamCountry "GER"]
[BlackTeamCountry "GER"]

1. c4 Nf6 2. Nc3 e5 3. g3 Nc6 4. Bg2 g6 5. d3 Bg7 6. Bd2 d6 7. Qc1 h6 8. Rb1 Be6 9. Na4 Qd7 10. b4 Rb8 11. b5 Nd8 12. Nc3 Qc8 13. a4 h5 14. h4 0-0 15. Nf3 Bd7 16. Ng5 Ne6 17. Nxe6 Bxe6 18. a5 Nd7 19. Nd5 Bxd5 20. cxd5 Nc5 21. Bh3 f5 22. Be3 b6 23. Bxc5 bxc5 24. Qc4 Qe8 25. 0-0 Qe7 26. e3 Kh7 27. Bg2 Qf6 28. Rfe1 Rf7 29. Rb3 Rbf8 30. b6 cxb6 31. axb6 axb6 32. Rxb6 Rd8 33. Re2 Bf8 34. Kh2 Bg7 35. Qa6 Rdd7 36. Qb5 Bf8 37. Bh3 Bg7 38. e4 Bh6 39. exf5 gxf5 40. Qb1 Rd8 41. Bg2 Re7 42. Ra2 Bf8 43. Raa6 Rg7 44. Bf3 Qf7 45. Ra2 Be7 46. Rb7 Rdg8 47. Raa7 Re8 48. Rd7 Qg6 49. Qd1 Kh6 50. Qd2+ Kh7 51. Qe2 Kh6 52. Kh3 Rf7 53. Qd2+ Kh7 54. Rab7 Rg7 55. Qe2 Kh6 56. Qe3+ Kh7 57. Qe2 Kh6 58. Qe3+ Kh7 59. Be2 Bf8 60. Qf3 Kh6 61. Qe3+ Kh7 62. Bf3 1/2-1/2

[Event "Regionalliga Nord-Ost 1819"]
[Site "Bayern"]
[Date "2018.11.11"]
[Round "2.5"]
[White "Wallinger, Manfred"]
[Black "Reiser, Wolfgang"]
[Result "1/2-1/2"]
[WhiteElo "2004"]
[BlackElo "2028"]
[PlyCount "95"]
[EventDate "2018.10.21"]
[EventType "team-tourn"]
[EventRounds "9"]
[EventCountry "GER"]
[SourceTitle "EXT 2022"]
[Source "ChessBase"]
[SourceDate "2021.10.06"]
[SourceVersion "1"]
[SourceVersionDate "2021.10.06"]
[SourceQuality "1"]
[WhiteTeam "Altensittenbach"]
[BlackTeam "Nuernberg NT III"]
[WhiteTeamCountry "GER"]
[BlackTeamCountry "GER"]

1. b3 Nf6 2. Bb2 d6 3. c4 e5 4. g3 Be7 5. Bg2 0-0 6. Nc3 Nc6 7. Nf3 h6 8. 0-0 Nh7 9. d4 Ng5 10. Nxg5 hxg5 11. dxe5 Nxe5 12. Qc2 c6 13. Rad1 Qc7 14. Qd2 Bf5 15. h3 Rad8 16. g4 Bg6 17. Qe3 f5 18. gxf5 Bxf5 19. Ne4 Bxe4 20. Bxe4 Rf4 21. Bc2 Bf6 22. Rd4 Rxd4 23. Bxd4 Qf7 24. c5 Qh5 25. cxd6 g4 26. Kg2 gxh3+ 27. Qxh3 Qxh3+ 28. Kxh3 Rxd6 29. Rd1 b6 30. Kg3 Kf7 31. f4 Nd7 32. Bxf6 Rxd1 33. Bxd1 gxf6 34. e4 Ke7 35. Kf2 Nc5 36. Ke3 Kd6 37. Bc2 Ne6 38. Bd3 c5 39. Kf3 Nd4+ 40. Kg4 b5 41. Kh5 a6 42. Kg6 Ke6 43. Kg7 Ke7 44. f5 Nc6 45. a4 bxa4 46. bxa4 a5 47. Bc2 Ne5 48. Bb1 1/2-1/2

[Event "Mittelfranken-chTB1 1718"]
[Site "Mittelfranken"]
[Date "2018.02.18"]
[Round "5.1"]
[White "Brenner, Christian"]
[Black "Reiser, Wolfgang"]
[Result "1-0"]
[WhiteElo "1920"]
[BlackElo "2044"]
[PlyCount "97"]
[EventDate "2017.10.08"]
[EventType "team-tourn"]
[EventRounds "9"]
[EventCountry "GER"]
[SourceTitle "EXT 2022"]
[Source "ChessBase"]
[SourceDate "2021.10.06"]
[SourceVersion "1"]
[SourceVersionDate "2021.10.06"]
[SourceQuality "1"]
[WhiteTeam "Nuernberg Zabo Eintracht"]
[BlackTeam "Nuernberg Noris Tarrasch III"]
[WhiteTeamCountry "GER"]
[BlackTeamCountry "GER"]

1. e4 e5 2. Nf3 Nc6 3. Bb5 a6 4. Ba4 b5 5. Bb3 Nf6 6. 0-0 Be7 7. c3 0-0 8. Qe2 d6 9. h3 Na5 10. Bc2 c5 11. d3 Qc7 12. Rd1 Bd7 13. Nbd2 Nc6 14. Nf1 d5 15. exd5 Nxd5 16. d4 exd4 17. cxd4 Nf6 18. d5 Nb4 19. Bb3 Bd6 20. a3 c4 21. Bxc4 bxc4 22. axb4 Bxb4 23. Bg5 Ne8 24. Be7 Bxe7 25. Qxe7 Qd6 26. Qh4 Bb5 27. Ne3 Qb4 28. Rab1 a5 29. Rd4 Nd6 30. Ne5 Rac8 31. Nc6 Bxc6 32. dxc6 Rfe8 33. Nd5 Qc5 34. Qg4 Re6 35. Rbd1 Kf8 36. c7 a4 37. Qh4 h6 38. Nf4 Rf6 39. Nd5 Re6 40. Qd8+ Re8 41. Qh4 Nf5 42. Rxc4 Qb5 43. Qf4 g5 44. Qc1 Re2 45. Rb4 Qe8 46. Qc3 Qe5 47. Rb8 Nd6 48. Qxe5 Rxe5 49. Nb6 1-0

[Event "Mittelfranken-chTB1 1718"]
[Site "Mittelfranken"]
[Date "2018.01.28"]
[Round "4.1"]
[White "Reiser, Wolfgang"]
[Black "Guthmann, Peter"]
[Result "1/2-1/2"]
[WhiteElo "2044"]
[BlackElo "2236"]
[PlyCount "39"]
[EventDate "2017.10.08"]
[EventType "team-tourn"]
[EventRounds "9"]
[EventCountry "GER"]
[SourceTitle "EXT 2022"]
[Source "ChessBase"]
[SourceDate "2021.10.06"]
[SourceVersion "1"]
[SourceVersionDate "2021.10.06"]
[SourceQuality "1"]
[WhiteTeam "Nuernberg Noris Tarrasch III"]
[BlackTeam "Gunzenhausen"]
[WhiteTeamCountry "GER"]
[BlackTeamCountry "GER"]

1. e4 c5 2. c3 d5 3. exd5 Qxd5 4. d4 Nc6 5. Nf3 Nf6 6. Be2 cxd4 7. cxd4 e6 8. 0-0 Be7 9. Nc3 Qd6 10. Bg5 0-0 11. Qd2 b6 12. Rfd1 Bb7 13. Bf4 Qd8 14. d5 exd5 15. Nxd5 Nxd5 16. Qxd5 Qxd5 17. Rxd5 Rfd8 18. Rad1 Rxd5 19. Rxd5 Rd8 20. Rxd8+ 1/2-1/2

[Event "Mittelfranken-chTB1 1415"]
[Site "Mittelfranken"]
[Date "2015.03.22"]
[Round "8.7"]
[White "Reiser, Wolfgang"]
[Black "Wellmann, Franz Georg"]
[Result "1-0"]
[WhiteElo "2012"]
[BlackElo "1770"]
[PlyCount "135"]
[EventDate "2014.09.29"]
[EventType "team-tourn"]
[EventRounds "9"]
[EventCountry "GER"]
[SourceTitle "EXT 2020"]
[Source "ChessBase"]
[SourceDate "2019.10.17"]
[SourceVersion "1"]
[SourceVersionDate "2019.10.17"]
[SourceQuality "1"]
[WhiteTeam "Nuernberg NT III"]
[BlackTeam "Herzogenaurach"]
[WhiteTeamCountry "GER"]
[BlackTeamCountry "GER"]

1. c4 e5 2. g3 Nc6 3. Nc3 f5 4. Nf3 e4 5. Nh4 Nd4 6. e3 Nf3+ 7. Nxf3 exf3 8. Qxf3 Nf6 9. Qxf5 Be7 10. Bg2 c6 11. 0-0 0-0 12. Qc2 d6 13. b3 Qe8 14. Ne4 Bf5 15. d3 Qh5 16. Nxf6+ Rxf6 17. e4 Bg4 18. Be3 Rf3 19. Rae1 h6 20. d4 Bg5 21. Bxg5 hxg5 22. Re3 Rf6 23. f3 Bd7 24. e5 Rh6 25. Bh1 Bf5 26. Qd2 Rd8 27. g4 Qh4 28. gxf5 dxe5 29. Re4 Qh5 30. Rf2 Rhd6 31. Bg2 Rxd4 32. Rxd4 exd4 33. Bf1 g4 34. fxg4 Qxg4+ 35. Rg2 Qxf5 36. Bd3 Qe5 37. Qe2 Qf6 38. Qe4 Qh6 39. Re2 Qc1+ 40. Re1 Qg5+ 41. Kh1 Qh5 42. Qf5 Qxf5 43. Bxf5 d3 44. Kg2 Kf7 45. Kf3 Kf6 46. Be4 d2 47. Rd1 Ke5 48. Ke3 g5 49. Bf3 Rh8 50. Rxd2 Rh3 51. Rg2 g4 52. Rxg4 Rxh2 53. Rg2 Rh7 54. Rd2 Rc7 55. Rd8 b6 56. b4 c5 57. bxc5 bxc5 58. Kd3 Kf6 59. Rd6+ Ke5 60. Rc6 Rxc6 61. Bxc6 Kd6 62. Ba4 Ke5 63. Ke3 Kf5 64. Bc2+ Ke5 65. Bd3 Kd6 66. Ke4 Ke6 67. Be2 Kd6 68. Kf5 1-0

[Event "Mittelfranken-chTB1 1415"]
[Site "Mittelfranken"]
[Date "2015.01.25"]
[Round "5.8"]
[White "Reiser, Wolfgang"]
[Black "Ludwig, Michael"]
[Result "1/2-1/2"]
[WhiteElo "2012"]
[BlackElo "1898"]
[PlyCount "40"]
[EventDate "2014.09.29"]
[EventType "team-tourn"]
[EventRounds "9"]
[EventCountry "GER"]
[SourceTitle "EXT 2020"]
[Source "ChessBase"]
[SourceDate "2019.10.17"]
[SourceVersion "1"]
[SourceVersionDate "2019.10.17"]
[SourceQuality "1"]
[WhiteTeam "Nuernberg NT III"]
[BlackTeam "Buechenbach/Roth"]
[WhiteTeamCountry "GER"]
[BlackTeamCountry "GER"]

1. c4 c6 2. g3 d5 3. Bg2 dxc4 4. Nf3 g6 5. Qc2 Bg7 6. Qxc4 Nf6 7. 0-0 0-0 8. Nc3 Nbd7 9. a4 Nb6 10. Qc5 Qd6 11. Qxd6 exd6 12. a5 Nbd5 13. d4 Re8 14. e3 Bf5 15. a6 Nxc3 16. bxc3 b6 17. Rd1 Be4 18. Ba3 d5 19. Ne5 Bxg2 20. Kxg2 Rac8 1/2-1/2

[Event "Mittelfranken-chTB1 1213"]
[Site "Germany"]
[Date "2013.04.21"]
[Round "9.2"]
[White "Kuhn, Christian"]
[Black "Reiser, Wolfgang"]
[Result "1-0"]
[WhiteElo "1842"]
[BlackElo "2000"]
[PlyCount "61"]
[EventDate "2012.10.07"]
[EventType "team-tourn"]
[EventRounds "9"]
[EventCountry "GER"]
[SourceTitle "EXT 2019"]
[Source "ChessBase"]
[SourceDate "2018.10.10"]
[SourceVersion "1"]
[SourceVersionDate "2018.10.10"]
[SourceQuality "1"]
[WhiteTeam "Nuernberg Sued SW III"]
[BlackTeam "Nuernberg NT III"]
[WhiteTeamCountry "GER"]
[BlackTeamCountry "GER"]

1. c4 e6 2. g3 Nf6 3. Bg2 d5 4. d4 Be7 5. Nf3 0-0 6. 0-0 c6 7. Qc2 Ne4 8. Nbd2 f5 9. b3 Nd7 10. Bb2 Ndf6 11. e3 b6 12. Ne5 Bb7 13. f3 Nxd2 14. Qxd2 Rc8 15. Rac1 c5 16. Rfd1 dxc4 17. bxc4 Qc7 18. Qe2 Rfd8 19. Nd3 Nd7 20. Nf4 Nf8 21. d5 exd5 22. Nxd5 Bxd5 23. cxd5 Rb8 24. e4 fxe4 25. fxe4 Bg5 26. Rc2 Re8 27. e5 Ng6 28. d6 Qd8 29. e6 Bf6 30. Bc6 Rf8 31. Bxf6 1-0

[Event "Mittelfranken-chTB1 1213"]
[Site "Germany"]
[Date "2013.03.10"]
[Round "8.5"]
[White "Just, Hannes"]
[Black "Reiser, Wolfgang"]
[Result "1-0"]
[WhiteElo "2047"]
[BlackElo "2000"]
[PlyCount "69"]
[EventDate "2012.10.07"]
[EventType "team-tourn"]
[EventRounds "9"]
[EventCountry "GER"]
[SourceTitle "EXT 2019"]
[Source "ChessBase"]
[SourceDate "2018.10.10"]
[SourceVersion "1"]
[SourceVersionDate "2018.10.10"]
[SourceQuality "1"]
[WhiteTeam "Nuernberg Sued SW II"]
[BlackTeam "Nuernberg NT III"]
[WhiteTeamCountry "GER"]
[BlackTeamCountry "GER"]

1. d4 Nf6 2. Nf3 e6 3. g3 Be7 4. Bg2 0-0 5. 0-0 d5 6. c4 Nbd7 7. Qc2 c6 8. b3 b6 9. Bb2 Ba6 10. Nbd2 Rc8 11. e4 Nxe4 12. Nxe4 dxe4 13. Qxe4 Qc7 14. Rfe1 Bb7 15. Rad1 Bf6 16. Bc1 c5 17. d5 exd5 18. cxd5 b5 19. Bf4 Qb6 20. a4 c4 21. Qf5 Nc5 22. bxc4 bxc4 23. Ng5 Bxg5 24. Bxg5 Rfe8 25. Rxe8+ Rxe8 26. Be3 Qd6 27. Qb1 Nb3 28. Bxa7 Qa6 29. Be3 Qxa4 30. h4 Qd7 31. Qc2 Ba6 32. Kh2 Qa4 33. d6 Nc5 34. Qxa4 Nxa4 35. Bc6 1-0

[Event "Mittelfranken-chTB1 1112"]
[Site "Germany"]
[Date "2012.03.11"]
[Round "8.4"]
[White "Werner, Thomas1111"]
[Black "Reiser, Wolfgang"]
[Result "1/2-1/2"]
[WhiteElo "1957"]
[BlackElo "2014"]
[PlyCount "77"]
[EventDate "2011.09.25"]
[EventType "team-tourn"]
[EventRounds "9"]
[EventCountry "GER"]
[SourceTitle "EXT 2018"]
[Source "ChessBase"]
[SourceDate "2017.10.13"]
[SourceVersion "1"]
[SourceVersionDate "2017.10.13"]
[SourceQuality "1"]
[WhiteTeam "Nuernberg Sued SW II"]
[BlackTeam "Nuernberg NT III"]
[WhiteTeamCountry "GER"]
[BlackTeamCountry "GER"]

1. d4 d5 2. c4 e5 3. dxe5 d4 4. Nf3 Nc6 5. Nbd2 Bg4 6. h3 Bxf3 7. Nxf3 Nge7 8. a3 Ng6 9. g3 Ngxe5 10. Bg2 Nxc4 11. 0-0 Be7 12. Qc2 Nd6 13. b4 0-0 14. Bb2 a5 15. Nxd4 Nxd4 16. Bxd4 axb4 17. axb4 Rxa1 18. Bxa1 c6 19. Rd1 Qc8 20. Be5 Qe6 21. Bxd6 Bxd6 22. b5 cxb5 23. Bxb7 Bxg3 24. Bd5 Qb6 25. e3 Be5 26. Qb3 Qg6+ 27. Kf1 Kh8 28. Qxb5 Qh5 29. Qd3 Qxh3+ 30. Bg2 Qh4 31. Qf5 Bf6 32. Rc1 g6 33. Qd7 Qb4 34. Bf3 Kg7 35. Rc8 Rxc8 36. Qxc8 Qb1+ 37. Kg2 Qf5 38. Qxf5 gxf5 39. Be2 1/2-1/2

[Event "Mittelfranken-chTB1 1112"]
[Site "Germany"]
[Date "2012.02.26"]
[Round "7.3"]
[White "Kuehn, Daniel"]
[Black "Reiser, Wolfgang"]
[Result "1/2-1/2"]
[WhiteElo "2058"]
[BlackElo "2014"]
[PlyCount "37"]
[EventDate "2011.09.25"]
[EventType "team-tourn"]
[EventRounds "9"]
[EventCountry "GER"]
[SourceTitle "EXT 2018"]
[Source "ChessBase"]
[SourceDate "2017.10.13"]
[SourceVersion "1"]
[SourceVersionDate "2017.10.13"]
[SourceQuality "1"]
[WhiteTeam "Fuerth SF"]
[BlackTeam "Nuernberg NT III"]
[WhiteTeamCountry "GER"]
[BlackTeamCountry "GER"]

1. e4 e5 2. Nf3 Nc6 3. Bc4 Nf6 4. d4 exd4 5. 0-0 Nxe4 6. Re1 d5 7. Bxd5 Qxd5 8. Nc3 Qa5 9. Nxe4 Be6 10. Bd2 Bb4 11. Nxd4 Nxd4 12. c3 Be7 13. cxd4 Qd5 14. Rc1 c6 15. Nc5 Bxc5 16. dxc5 0-0 17. Bc3 Qxd1 18. Rcxd1 Rad8 19. b3 1/2-1/2

[Event "Mittelfranken-chTB1 1112"]
[Site "Germany"]
[Date "2012.02.05"]
[Round "6.4"]
[White "Walter, Markus"]
[Black "Reiser, Wolfgang"]
[Result "1/2-1/2"]
[WhiteElo "1967"]
[BlackElo "2040"]
[PlyCount "83"]
[EventDate "2011.09.25"]
[EventType "team-tourn"]
[EventRounds "9"]
[EventCountry "GER"]
[SourceTitle "EXT 2013"]
[Source "ChessBase"]
[SourceDate "2012.11.22"]
[SourceVersion "1"]
[SourceVersionDate "2012.11.22"]
[SourceQuality "1"]
[WhiteTeam "Nuernberg SK 1911"]
[BlackTeam "Nuernberg NT III"]
[WhiteTeamCountry "GER"]
[BlackTeamCountry "GER"]

1. e4 e5 2. Nf3 Nc6 3. d4 exd4 4. Nxd4 Nf6 5. Nxc6 bxc6 6. e5 Qe7 7. Qe2 Nd5 8. c4 Ba6 9. b3 Qh4 10. Bb2 Bb4+ 11. Nd2 Qf4 12. 0-0-0 Bc3 13. Re1 Bxb2+ 14. Kxb2 Qd4+ 15. Kc2 Rb8 16. Nf3 Qb6 17. Qd2 Nb4+ 18. Kb1 0-0 19. c5 Qxc5 20. Bxa6 Nxa6 21. Rc1 Qe7 22. Rhd1 Rfd8 23. Qa5 Nb4 24. Qxc7 Qe6 25. Qd6 Qf5+ 26. Kb2 a5 27. Rc4 h6 28. Rdd4 Rb7 29. a3 Nd5 30. Re4 Rdb8 31. b4 axb4 32. axb4 Nb6 33. Rcd4 c5 34. Rf4 cxd4 35. Qxb8+ Rxb8 36. Rxf5 Nd5 37. Nxd4 Rxb4+ 38. Nb3 Kf8 39. Rf3 Re4 40. Nc5 Re2+ 41. Kb3 Ke7 42. Nd3 1/2-1/2

[Event "Mittelfranken-chTB1 1112"]
[Site "Germany"]
[Date "2011.11.20"]
[Round "3.3"]
[White "Petzold, Vinzenz"]
[Black "Reiser, Wolfgang"]
[Result "1/2-1/2"]
[WhiteElo "1981"]
[BlackElo "2040"]
[PlyCount "54"]
[EventDate "2011.09.25"]
[EventType "team-tourn"]
[EventRounds "9"]
[EventCountry "GER"]
[SourceTitle "EXT 2013"]
[Source "ChessBase"]
[SourceDate "2012.11.22"]
[SourceVersion "1"]
[SourceVersionDate "2012.11.22"]
[SourceQuality "1"]
[WhiteTeam "Erlangen SC II"]
[BlackTeam "Nuernberg NT III"]
[WhiteTeamCountry "GER"]
[BlackTeamCountry "GER"]

1. d4 d5 2. c4 e5 3. dxe5 d4 4. Nf3 Nc6 5. a3 Bg4 6. Nbd2 Nge7 7. h3 Bxf3 8. Nxf3 Ng6 9. g3 Ngxe5 10. Nxe5 Nxe5 11. Bg2 c6 12. b3 Qa5+ 13. Bd2 Qb6 14. 0-0 Be7 15. Qc2 0-0 16. Bf4 Ng6 17. Bc1 Bf6 18. Bb2 Rad8 19. Rad1 c5 20. Bc1 Ne5 21. Kh2 Rfe8 22. Bd5 Re7 23. Bf4 Rde8 24. e4 dxe3 25. Bxe3 Qc7 26. Rd2 b6 27. Rfd1 Qc8 1/2-1/2

[Event "Mittelfranken-chTB1 1112"]
[Site "Germany"]
[Date "2011.10.23"]
[Round "2.4"]
[White "Haeckler, Daniel"]
[Black "Reiser, Wolfgang"]
[Result "1-0"]
[WhiteElo "2047"]
[BlackElo "2043"]
[PlyCount "43"]
[EventDate "2011.09.25"]
[EventType "team-tourn"]
[EventRounds "9"]
[EventCountry "GER"]
[SourceTitle "EXT 2013"]
[Source "ChessBase"]
[SourceDate "2012.11.22"]
[SourceVersion "1"]
[SourceVersionDate "2012.11.22"]
[SourceQuality "1"]
[WhiteTeam "Buechenbach/Roth"]
[BlackTeam "Nuernberg NT III"]
[WhiteTeamCountry "GER"]
[BlackTeamCountry "GER"]

1. e4 e5 2. Nc3 Nf6 3. f4 d5 4. fxe5 Nxe4 5. Nf3 Bb4 6. Bd3 Bxc3 7. dxc3 0-0 8. Qe2 f5 9. 0-0 Kh8 10. c4 Be6 11. Nd4 Nc5 12. Nxe6 Nxe6 13. Bxf5 Nd4 14. Qh5 Nxf5 15. Rxf5 Rxf5 16. Qxf5 dxc4 17. Be3 Nc6 18. Rf1 Qe7 19. e6 Re8 20. Bg5 Qd6 21. Qf7 Rg8 22. e7 1-0

[Event "Mittelfranken-chTB1 1011"]
[Site "Germany"]
[Date "2010.10.17"]
[Round "2.3"]
[White "Reiser, Wolfgang"]
[Black "Thiele, Heinz"]
[Result "1/2-1/2"]
[WhiteElo "2061"]
[BlackElo "2007"]
[PlyCount "55"]
[EventDate "2010.09.26"]
[EventType "team-tourn"]
[EventRounds "9"]
[EventCountry "GER"]
[SourceTitle "EXT 2012"]
[Source "ChessBase"]
[SourceDate "2011.11.24"]
[SourceVersion "1"]
[SourceVersionDate "2011.11.24"]
[SourceQuality "1"]
[WhiteTeam "Nuernberg NT III"]
[BlackTeam "Fuerth"]
[WhiteTeamCountry "GER"]
[BlackTeamCountry "GER"]

1. c4 Nf6 2. g3 g6 3. Bg2 Bg7 4. Nc3 0-0 5. e4 c5 6. Nge2 Nc6 7. 0-0 d6 8. d3 a6 9. f4 Rb8 10. h3 Bd7 11. Be3 b5 12. Qd2 Ne8 13. cxb5 axb5 14. d4 b4 15. Nd1 cxd4 16. Nxd4 Nxd4 17. Bxd4 Bxd4+ 18. Qxd4 Qb6 19. Qxb6 Rxb6 20. Ne3 e6 21. Rfd1 f5 22. exf5 gxf5 23. Rdc1 d5 24. Nc2 Nf6 25. Nd4 Rc8 26. Rxc8+ Bxc8 27. Rc1 Bd7 28. b3 1/2-1/2

[Event "Landesliga Nord 0809"]
[Site "Bayern"]
[Date "2009.02.01"]
[Round "6.5"]
[White "Reiser, Wolfgang"]
[Black "Kotz, Reinhard"]
[Result "1/2-1/2"]
[WhiteElo "2079"]
[BlackElo "2075"]
[PlyCount "92"]
[EventDate "2008.10.05"]
[EventType "team-tourn"]
[EventRounds "9"]
[EventCountry "GER"]
[SourceTitle "EXT 2020"]
[Source "ChessBase"]
[SourceDate "2019.10.17"]
[SourceVersion "1"]
[SourceVersionDate "2019.10.17"]
[SourceQuality "1"]
[WhiteTeam "Nuernberg NT II"]
[BlackTeam "Puschendorf"]
[WhiteTeamCountry "GER"]
[BlackTeamCountry "GER"]

1. e4 Nf6 2. e5 Nd5 3. c4 Nb6 4. c5 Nd5 5. Bc4 e6 6. Nc3 Nxc3 7. bxc3 Bxc5 8. Qg4 Kf8 9. d4 Be7 10. Nf3 d5 11. Bd3 b6 12. 0-0 Ba6 13. Rd1 c5 14. c4 h5 15. Qg3 Nc6 16. cxd5 Bxd3 17. dxc6 Be4 18. Bg5 c4 19. d5 Bxd5 20. h4 Rc8 21. Nd4 Bxg5 22. hxg5 g6 23. Nb5 Qe7 24. Nd6 Rxc6 25. Rd4 Kg7 26. Rf4 Rf8 27. Rf6 c3 28. Qd3 Qc7 29. Rxf7+ Qxf7 30. Nxf7 Rxf7 31. Rc1 Rfc7 32. Rc2 Bxa2 33. Qd8 Bb3 34. Qf6+ Kh7 35. Rc1 c2 36. Qf8 a5 37. g4 h4 38. f3 Rd7 39. Qh6+ Kg8 40. Qxg6+ Kf8 41. Qf6+ Ke8 42. g6 Rd1+ 43. Kf2 Rxc1 44. Qf7+ Kd8 45. g7 Rf1+ 46. Kg2 Rg1+ 1/2-1/2

[Event "Landesliga Nord 0708"]
[Site "Bayern"]
[Date "2007.12.09"]
[Round "4.6"]
[White "Labin, Sascha"]
[Black "Reiser, Wolfgang"]
[Result "1/2-1/2"]
[WhiteElo "1925"]
[BlackElo "2067"]
[PlyCount "111"]
[EventDate "2007.10.21"]
[EventType "team-tourn"]
[EventRounds "9"]
[EventCountry "GER"]
[SourceTitle "EXT 2009"]
[Source "ChessBase"]
[SourceDate "2008.11.26"]
[SourceVersion "1"]
[SourceVersionDate "2008.11.26"]
[SourceQuality "1"]
[WhiteTeam "Kulmbach"]
[BlackTeam "Nuernberg NT II"]
[WhiteTeamCountry "GER"]
[BlackTeamCountry "GER"]

1. f4 Nf6 2. Nf3 c5 3. g3 g6 4. Bg2 Bg7 5. d3 Nc6 6. 0-0 d5 7. c3 0-0 8. Na3 Rb8 9. Ne5 Qb6 10. Kh1 Be6 11. Nxc6 Qxc6 12. Nc4 Qc7 13. Ne5 d4 14. c4 Qc8 15. Rb1 Nd7 16. Nf3 b5 17. Ng5 Bf5 18. cxb5 Rxb5 19. Qa4 Qb8 20. h3 h5 21. Qc2 Bf6 22. Ne4 Rc8 23. b3 Be6 24. Nd2 Nb6 25. a4 Rb4 26. Ba3 Nd5 27. Bxb4 Ne3 28. Qa2 Nxf1 29. Rxf1 cxb4 30. Nc4 Rd8 31. Kh2 g5 32. Qd2 h4 33. Be4 hxg3+ 34. Kg2 gxf4 35. Qxf4 Qxf4 36. Rxf4 Kg7 37. Bf5 Bd5+ 38. Be4 e6 39. Rg4+ Kf8 40. Rxg3 Ke7 41. Kf3 Rh8 42. Kg2 Bh4 43. Rf3 Rg8+ 44. Kh2 Rg5 45. Rf1 Bg3+ 46. Kh1 Bc7 47. Rf3 Rh5 48. Kg2 Bxe4 49. dxe4 Rh4 50. Nd2 Bf4 51. Nc4 Bc7 52. Nd2 Bd6 53. Nc4 Bf4 54. Rf1 Bc7 55. Nd2 Bf4 56. Nc4 1/2-1/2

[Event "Landesliga Nord 0708"]
[Site "Bayern"]
[Date "2007.10.21"]
[Round "1.6"]
[White "Nuernberger, Stefan"]
[Black "Reiser, Wolfgang"]
[Result "1/2-1/2"]
[WhiteElo "2049"]
[BlackElo "2067"]
[PlyCount "38"]
[EventDate "2007.10.21"]
[EventType "team-tourn"]
[EventRounds "9"]
[EventCountry "GER"]
[SourceTitle "EXT 2009"]
[Source "ChessBase"]
[SourceDate "2008.11.26"]
[SourceVersion "1"]
[SourceVersionDate "2008.11.26"]
[SourceQuality "1"]
[WhiteTeam "Marktleuthen"]
[BlackTeam "Nuernberg NT II"]
[WhiteTeamCountry "GER"]
[BlackTeamCountry "GER"]

1. d4 Nf6 2. Nf3 e6 3. e3 c5 4. Bd3 b6 5. Nbd2 Bb7 6. 0-0 Be7 7. c3 0-0 8. Qe2 d5 9. Ne5 Nbd7 10. f4 Qc7 11. Rf3 Ne4 12. Rh3 g6 13. Ndf3 Rac8 14. Bd2 Kg7 15. Be1 Rce8 16. Bb5 Nxe5 17. fxe5 Bc6 18. Bxc6 Qxc6 19. Bh4 Bxh4 1/2-1/2

[Event "Landesliga Nord 0607"]
[Site "Bayern"]
[Date "2007.02.25"]
[Round "6.7"]
[White "Reiser, Wolfgang"]
[Black "Sarec, Ivica"]
[Result "1-0"]
[WhiteElo "2098"]
[BlackElo "2027"]
[PlyCount "83"]
[EventDate "2006.10.15"]
[EventType "team"]
[EventRounds "9"]
[EventCountry "GER"]
[SourceTitle "EXT 2008"]
[Source "ChessBase"]
[SourceDate "2007.11.25"]
[SourceVersion "1"]
[SourceVersionDate "2007.11.25"]
[SourceQuality "1"]
[WhiteTeam "Nuernberg NT II"]
[BlackTeam "Puschendorf"]
[WhiteTeamCountry "GER"]
[BlackTeamCountry "GER"]

1. c4 Nf6 2. g3 c5 3. Bg2 g6 4. Nc3 Bg7 5. a3 0-0 6. Rb1 Nc6 7. b4 d6 8. Nf3 Bf5 9. d3 Qc8 10. h3 cxb4 11. axb4 Bd7 12. Bg5 Re8 13. Qd2 Nd8 14. Bxf6 Bxf6 15. Nd5 Bg7 16. 0-0 e6 17. Nc3 a6 18. Rfc1 h6 19. Ne4 Qb8 20. d4 Bc6 21. Nc3 b5 22. d5 Bd7 23. cxb5 axb5 24. Nd4 e5 25. Nc6 Qb6 26. Ne4 Nb7 27. Qd3 Bf5 28. g4 Bxe4 29. Bxe4 Ra4 30. h4 Bf6 31. h5 g5 32. Qf3 Bg7 33. Qf5 Ra2 34. Rb3 Rxe2 35. Rf3 f6 36. Qg6 Rxe4 37. Qxe4 Ra8 38. Ne7+ Kf8 39. Qg6 Qd4 40. Nf5 Qxg4+ 41. Kf1 Bh8 42. Qh7 1-0

[Event "Landesliga Nord 0607"]
[Site "Bayern"]
[Date "2006.12.10"]
[Round "4.7"]
[White "Reiser, Wolfgang"]
[Black "Fiedler, Wolfgang"]
[Result "0-1"]
[WhiteElo "2098"]
[BlackElo "1897"]
[PlyCount "120"]
[EventDate "2006.10.15"]
[EventType "team"]
[EventRounds "9"]
[EventCountry "GER"]
[SourceTitle "EXT 2008"]
[Source "ChessBase"]
[SourceDate "2007.11.25"]
[SourceVersion "1"]
[SourceVersionDate "2007.11.25"]
[SourceQuality "1"]
[WhiteTeam "Nuernberg NT II"]
[BlackTeam "Forchheim II"]
[WhiteTeamCountry "GER"]
[BlackTeamCountry "GER"]

1. e4 g6 2. d4 Bg7 3. Nc3 d6 4. f4 b6 5. Nf3 c6 6. Be3 Ba6 7. Bxa6 Nxa6 8. Qd2 Nc7 9. 0-0 Nf6 10. Kh1 Ng4 11. Bg1 d5 12. h3 dxe4 13. Nxe4 Nf6 14. Nf2 0-0 15. Rad1 Nh5 16. Bh2 f5 17. Rfe1 e6 18. Re2 Re8 19. Rde1 Qd7 20. Ne5 Qd6 21. Qc3 Nd5 22. Qf3 Rac8 23. c3 c5 24. dxc5 Qxc5 25. Nfd3 Qd6 26. Bg1 Nc7 27. Rd1 Qd5 28. Qxd5 Nxd5 29. Bh2 Red8 30. Rde1 Bxe5 31. Rxe5 Nxc3 32. Nb4 Ne4 33. Rxe6 Kf7 34. Rc6 Rxc6 35. Nxc6 Rd2 36. Ne5+ Ke6 37. Rb1 Neg3+ 38. Kg1 Ne2+ 39. Kf1 Nexf4 40. Re1 Kd5 41. b3 Rxa2 42. Nc4 Nxg2 43. Rd1+ Kc6 44. Rd6+ Kc5 45. Bg1+ Kb4 46. Nd2 Ngf4 47. Be3 Ra1+ 48. Kf2 Nxh3+ 49. Ke2 N3f4+ 50. Kf3 g5 51. Rd4+ Kb5 52. Bxf4 Nxf4 53. Nc4 Kc5 54. Rd7 Ne6 55. Ne3 f4 56. Nf5 h5 57. Ke4 Re1+ 58. Kf3 g4+ 59. Kf2 Ra1 60. Rh7 Ra2+ 0-1